000 00777cam a2200205 4500
001 WB3622-05
008 000000n2000 000 0 eng u
035 _a(Sirsi) u106305
245 _aLooking into timber to build a housing package
260 _ac2000
490 _aFinancial Times
_v6 June 2000, 32(2)
520 _aHousebuilders are preparing to make more use of prefabricated timber components. The Housing Corporation is to spend £40m annually over the next two years supporting schemes that make use of these techniques. + chart
590 _aWB
650 _aHOUSE BUILDING
650 _aBUILT ENVIRONMENT-BUILDING MATERIALS
650 _aTIMBER-FRAMED HOUSES
650 _aPREFABRICATION
690 _aBUILT ENVIRONMENT-CONSTRUCTION DESIGN
942 _n0
999 _c63665
_d63665